Baby Statistics Quiz Stats

 Plays Quiz not verified by Sporcle

Challenge
Share
Tweet
Embed
Score 0/7 Timer 02:00
0 Plays Today
question statistic % Correct
What is the average age for a first-time mom to have a baby?25
87.6%
What day of the week is the least popular day that babies are born on?Sunday
85.6%
What day of the week is the most popular day that babies are born on?Wednesday
84.5%
Which month are the least babies born in?February
83.5%
Which month are most babies born in?August
80.4%
Which state has the highest birth rate?Utah
18.6%
Which state has the lowest birth rate?Vermont
17.5%

You're not logged in!

Compare scores with friends on all Sporcle quizzes.
Join for Free
OR
Log In

You Might Also Like...

Show Comments

Extras

Created Nov 8, 2010SourceReportNominate
Tags:baby, born, statistic

Top Quizzes Today


Score Distribution

Your Account Isn't Verified!

In order to create a playlist on Sporcle, you need to verify the email address you used during registration. Go to your Sporcle Settings to finish the process.

Report this User

Report this user for behavior that violates our Community Guidelines.

Details: